| 000 | 00481nam a22001217a 4500 | ||
|---|---|---|---|
| 082 | _a220 PRO | ||
| 100 |
_aNS Abdullah Salam NS Nida Maryam NS Shahrukh Javaid NS Umer Siddiqui _970873 |
||
| 245 | _aPR-SOF-1600- UNMANNED GROUND VEHICLE WITH ELECTRONIC STABILITY CONTROL | ||
| 260 |
_aISLAMABAD _bNUST COLLEGE OF EME _c2016 |
||
| 650 |
_aDE-ELECT-35 _970874 |
||
| 700 |
_aSUPERVISORS Dr Fahad Mumtaz Malik Assistant Professor Raja Amir Azim Lecturer Salman Qadir _970875 |
||
| 942 | _cCR | ||
| 999 |
_c577695 _d577695 |
||